|
|
|
|
| LEADER |
00000cam a2200000 i 4500 |
| 001 |
1/58443 |
| 008 |
950805s1981 eng d |
| 020 |
|
|
|a 0471077097
|
| 035 |
|
|
|l 10028366
|
| 040 |
|
|
|a GR-MY-UA
|b gre
|e aacr
|
| 041 |
0 |
|
|a eng
|
| 082 |
0 |
|
|a 510
|2 (19)
|
| 100 |
1 |
|
|a Whipkey, Kenneth L.
|
| 245 |
1 |
4 |
|a The power of mathematics :
|b applications to management and the social sciences /
|c Kenneth L. Whipkey, Mary Nell Whipkey, George W. Conway, Jr
|
| 250 |
|
|
|a 2nd ed.
|
| 260 |
|
|
|a New York :
|b Wiley,
|c c1981
|
| 300 |
|
|
|a x, 622 σ.;
|b εικ.;
|c 26 εκ.
|
| 504 |
|
|
|a Περιλαμβάνει ευρετήριο
|
| 650 |
0 |
0 |
|a Mathematics.
|
| 650 |
0 |
0 |
|a Algebra.
|
| 650 |
0 |
0 |
|a Social sciences
|x Mathematics.
|
| 650 |
0 |
0 |
|a Management
|x Mathematics.
|
| 700 |
1 |
|
|a Whipkey, Mary Nell.
|4 jointauthor
|
| 700 |
1 |
|
|a Conway, George W.
|4 jointauthor
|
| 852 |
|
|
|a INST
|b CHIOS
|e 19950805
|h 510 WHI
|p 005200001382
|q 005200001382
|t BK
|y 0
|
| 909 |
|
|
|a Χ
|b 005352
|